Paroles - Shavkat - Freeze corleone - Statistiques

Statistiques générales
  • Ce quiz a été pris 417 fois
  • Le résultat moyen est 301 sur 497
Statistiques - réponses
Parole % Correct
de
97%
M,
97%
M
97%
a
95%
à
95%
le
94%
Un
93%
un
93%
deux
92%
les
92%
trois
92%
comme
91%
quatre
91%
et
90%
Et
90%
Cinq
89%
si
89%
sept
88%
du
87%
huit
87%
six
87%
La
86%
la
86%
86%
au
85%
week-end
85%
Faut
83%
faut
83%
dans
82%
Dans
82%
qui
81%
J'encaisse
80%
Pack
80%
des
79%
RS,
79%
RS
79%
mes
78%
poches
77%
que
76%
seule
74%
chose
73%
on
72%
On
72%
viol
72%
Tu
71%
tu
71%
Darmanin
70%
m'importe,
69%
m'importe
69%
sais
69%
AMG,
68%
Gérald
68%
accusé
67%
arrive
67%
être
67%
Porsche
67%
Shavkat
67%
pas
65%
ces
64%
d'antisémitisme
64%
il
63%
J'arrive
63%
J'préfère
63%
S-o
63%
Japonais
60%
J'ai
59%
j'ai
59%
ça
58%
Fuck
58%
pour
58%
Pour
58%
qu'il
58%
Arcanin
57%
flammes
57%
négro
57%
négro,
57%
pédo,
56%
Monte
55%
sur
55%
température
55%
en
54%
En
54%
lin
54%
j'crache
53%
proches
52%
ni
51%
techniques
51%
traître
51%
France
50%
J'suis
50%
j'suis
50%
Prie
50%
trop
50%
Pédoland
49%
pétasse
49%
aka
48%
est
47%
plus
47%
Plus
47%
forges
45%
j'fais
44%
J'fais
44%
Khamzat
44%
chaque
42%
RAV4,
42%
RAV4
42%
fallait
40%
laisser
40%
négros
40%
platines
40%
qu'y
40%
rentrer
40%
ait
39%
Ils
39%
jersey,
39%
Jersey
39%
Legoland
39%
or,
39%
sous
39%
Sous
39%
Surveille
39%
surveille
39%
Christophe
37%
Congo
37%
sorties
37%
cache
36%
entrées
36%
j'avais
36%
jour
36%
l'seul
36%
Nice
36%
par
36%
vies
36%
chez
35%
Clash
35%
H4
35%
mais
35%
prods,
35%
prods
35%
tous
35%
briques
34%
c'qu'y
34%
derrière
34%
droite
34%
l'OGC
34%
mort
34%
noyade,
34%
Royale
34%
vous,
34%
centrale
33%
Centrale
33%
civile
33%
éventrer
33%
fumé
33%
l'île
33%
loyal
33%
rap
33%
Banque
32%
Envoie
32%
j'm'allume
32%
l'année
32%
potion
32%
Bombarde
31%
bombarde
31%
c'était
31%
gauche,
31%
l'entrée
31%
l'ultra-droite
31%
traîtres
31%
cash
30%
face
30%
fini
30%
l'complot
30%
qu'c'est
30%
sac,
30%
violette
30%
bien
29%
dépôts
29%
épaules
29%
plein
29%
anneaux
28%
Cons'
28%
fouette
28%
m'faut
28%
retraits,
28%
très
28%
cachée
27%
croient
27%
d'essence
27%
diamants,
27%
fonce,
27%
porte-avions
27%
qu'jai
27%
Donc,
26%
Jamais
26%
centrales
25%
défense
25%
sait
25%
Vélib'
25%
camos
24%
drogues,
24%
fake,
24%
J'allume
24%
j'habite
24%
jusqu'à
24%
Sauron,
24%
Sécurise
24%
avoir
23%
fonce-dé
23%
fumée
23%
panier,
23%
rond
23%
s'voit
23%
v'là
23%
canots
22%
grandes
22%
hélices
22%
j'mets
22%
m'vois
22%
panneaux
22%
rage,
22%
Ah
21%
ah,
21%
cachet
21%
français
21%
j'vois
21%
mode
21%
Peezy
21%
quatres
21%
royals
21%
uniquement
21%
chiffres
20%
drop
20%
fonds
20%
motivation
20%
passe
20%
avance
19%
BlackRock,
19%
Dieu
19%
d'sachets,
19%
loin
19%
tournent
19%
flingue
18%
HK
18%
j'prends
18%
j'reste
18%
Trouve-moi
18%
ciel
17%
jellies
17%
l'C-A-
17%
leur
17%
Plaques,
17%
Jeezy,
16%
J'rajoute
16%
l'sang,
16%
Aucun quiz correspondant
Distribution des résultats
% des personnes avec chaque résultat
Percentile par nombre de réponses
Votre historique - résultats
Vous n’avez pas pris ce quiz